Sports Quiz

Random Sports Quiz

The History of The FIFA Confederations Cup Quiz Stats

 Plays Quiz not verified by Sporcle

Challenge
Share
Tweet
Embed
Score 0/113 Timer 15:00
0 Plays Today
% Correct
Germany
100%
Germany
100%
Brazil
99.1%
Brazil
99.1%
Brazil
99.1%
Brazil
99.1%
Brazil
99.1%
Brazil
99.1%
Brazil
99.1%
Brazil and New Zealand
99.1%
Brazil
99.1%
Germany
98.2%
Germany
98.2%
France
95.5%
France
95.5%
France
95.5%
South Korea and Japan
94.6%
Russia
94.3%
South Africa
93.7%
South Africa
93.7%
South Africa
93.7%
Spain
93.2%
Spain
93.2%
Spain
93.2%
Argentina
91.9%
Argentina
91.9%
Argentina
91.9%
United States
89.2%
United States
89.2%
United States
89.2%
Mexico
88.7%
Mexico
88.7%
Japan
88.7%
Mexico
88.7%
Italy
88.7%
Mexico
88.7%
Japan
88.7%
Japan
88.7%
% Correct
Mexico
87.6%
Chile
83.8%
Portugal
83.8%
Ronaldo
77.5%
Uruguay
77%
Uruguay
77%
Saudi Arabia
76.6%
Saudi Arabia
76.6%
Saudi Arabia
76.6%
Saudi Arabia
76.6%
Saudi Arabia
76.6%
Australia
75.2%
Australia
75.2%
Cameroon
73.9%
Neymar
70.7%
Neymar
70.7%
Denmark
70.3%
Thierry Henry
60.8%
Thierry Henry
60.8%
Nigeria
60.4%
Colombia
59.5%
Ronaldinho
59.5%
Ronaldinho
59.5%
Ronaldinho
59.5%
Júlio César
59%
Kaká
50%
Romário
49.5%
Romário
49.5%
Fernando Torres
48.6%
Fernando Torres
48.6%
Greece
46.4%
Adriano
45%
Adriano
45%
Claudio Bravo
44.8%
David Villa
44.1%
Alexis Sánchez
43.8%
Andrés Iniesta
42.8%
Turkey
42.3%
% Correct
Gabriel Batistuta and Bruce Murray
42.3%
Fred
42.3%
Gabriel Batistuta
42.1%
Julian Draxler
39%
Ivory Coast
36%
Tim Howard
36%
Robert Pirès
30.6%
Robert Pirès
30.6%
Timo Werner
30.5%
Czech Republic
30.2%
Luís Fabiano
30.2%
Luís Fabiano
30.2%
Cuauhtémoc Blanco
26.6%
Cuauhtémoc Blanco
26.6%
Clint Dempsey
21.6%
Patrick Vieira
19.8%
Michael Ballack
17.6%
Hidetoshi Nakata
16.2%
Marc-Vivien Foé
16.2%
Denilson
15.8%
Román Riquelme
13.1%
Leon Goretzka
11.4%
Leon Goretzka
11.4%
Paulinho
10.8%
Lars Stindl
9.5%
Shunsuke Nakamura
9.5%
Éric Carrière
9%
Luis García
5.4%
Vladimír Šmicer
4.1%
Vladimír Šmicer
4.1%
John Aloisi
2.7%
Marzouq Al-Otaibi
2.3%
Marzouq Al-Otaibi
2.3%
Hwang Sun-Hong
1.8%
Tuncay Şanlı
0.9%
Tuncay Şanlı
0.9%
Peter Rasmussen
0.9%

You're not logged in!

Compare scores with friends on all Sporcle quizzes.
Join for Free
OR
Log In

You Might Also Like...

Show Comments

Extras

Top Quizzes Today


Score Distribution

Your Account Isn't Verified!

In order to create a playlist on Sporcle, you need to verify the email address you used during registration. Go to your Sporcle Settings to finish the process.

Report this User

Report this user for behavior that violates our Community Guidelines.

Details: